Visualizzazione normale
Vista MARC
- Ricchi e Poveri (I)
di Personal Name
Records bibliografici associati: 1
001 - CONTROL NUMBER
- control field: 18006
003 - CONTROL NUMBER IDENTIFIER
- control field: IT-RoPau
005 - DATE AND TIME OF LATEST TRANSACTION
- control field: 20140401120739.0
008 - FIXED-LENGTH DATA ELEMENTS
- fixed length control field: 140401|| aca||aabn | a|a d
040 ## - CATALOGING SOURCE
- Original cataloging agency: IT-RoPau
- Transcribing agency: IT-RoPau
100 ## - HEADING--PERSONAL NAME
- Personal name: Ricchi e Poveri (I)
- Miscellaneous information: Codice interprete SPICS: 11114
- Relator term: Interprete
670 ## - SOURCE DATA FOUND
- Source citation: Work cat.: (IT-RoPau)99854: AA.VV. 794, Amici miei Ricchi e Poveri